Statistics for Γρήγορα μαθηματικά - Διπλασιάστε αυτόν τον αριθμό!

Click here to take the quiz!

General Stats

  • This quiz has been taken 63 times
  • The average score is 8 of 20

Answer Stats

αριθμόςδιπλό% Correct
510
100%
5021004
100%
5031006
100%
5151030
100%
5321064
100%
5331066
100%
5411082
100%
5501100
100%
5661132
100%
5751150
100%
5801160
100%
5881176
100%
5921184
100%
612
100%
60120
100%
6011202
100%
6041208
100%
6061212
100%
6121224
100%
6191238
100%
62124
100%
6201240
100%
6221244
100%
6281256
100%
6301260
100%
64128
100%
6431286
100%
6451290
100%
6491298
100%
6501300
100%
6561312
100%
66132
100%
67134
100%
6761352
100%
6801360
100%
6861372
100%
6951390
100%
7001400
100%
7041408
100%
7071414
100%
7131426
100%
7221444
100%
7281456
100%
7321464
100%
74148
100%
7421484
100%
7431486
100%
7451490
100%
7501500
100%
7551510
100%
7651530
100%
7831566
100%
7901580
100%
8011602
100%
82164
100%
8211642
100%
8241648
100%
8251650
100%
85170
100%
8711742
100%
89178
100%
8901780
100%
8921784
100%
8931786
100%
8991798
100%
90180
100%
9031806
100%
91182
100%
9121824
100%
9201840
100%
9211842
100%
9241848
100%
9261852
100%
9321864
100%
96192
100%
9631926
100%
9641928
100%
9651930
100%
9761952
100%
9771954
100%
9791958
100%
9841968
100%
9901980
100%
1020
100%
103206
100%
109218
100%
1122
100%
111222
100%
115230
100%
116232
100%
1224
100%
120240
100%
131262
100%
132264
100%
136272
100%
138276
100%
143286
100%
1530
100%
154308
100%
177354
100%
185370
100%
187374
100%
1938
100%
204408
100%
211422
100%
212424
100%
215430
100%
217434
100%
219438
100%
226452
100%
227454
100%
2346
100%
231462
100%
232464
100%
233466
100%
249498
100%
252504
100%
253506
100%
255510
100%
257514
100%
258516
100%
2652
100%
263526
100%
270540
100%
274548
100%
276552
100%
290580
100%
292584
100%
312624
100%
322644
100%
325650
100%
3366
100%
331662
100%
333666
100%
341682
100%
345690
100%
3570
100%
350700
100%
352704
100%
365730
100%
369738
100%
370740
100%
377754
100%
3876
100%
387774
100%
390780
100%
403806
100%
405810
100%
417834
100%
420840
100%
421842
100%
422844
100%
432864
100%
434868
100%
444888
100%
450900
100%
451902
100%
455910
100%
456912
100%
460920
100%
466932
100%
469938
100%
471942
100%
481962
100%
494988
100%
499998
100%
5991198
67%
6091218
67%
7101420
67%
81162
67%
9011802
67%
9021804
67%
9501900
67%
128256
67%
147294
67%
240480
67%
262524
67%
267534
67%
281562
67%
3264
67%
5041008
50%
5111022
50%
5291058
50%
53106
50%
5341068
50%
5511102
50%
58116
50%
6001200
50%
6081216
50%
6321264
50%
6411282
50%
6511302
50%
6531306
50%
6611322
50%
6831366
50%
6841368
50%
6851370
50%
6931386
50%
7091418
50%
7181436
50%
7191438
50%
7211442
50%
8221644
50%
8281656
50%
8301660
50%
8411682
50%
8541708
50%
8681736
50%
9071814
50%
9081816
50%
9401880
50%
9411882
50%
9861972
50%
124248
50%
134268
50%
139278
50%
148296
50%
151302
50%
159318
50%
161322
50%
171342
50%
174348
50%
202404
50%
206412
50%
229458
50%
234468
50%
256512
50%
265530
50%
3162
50%
318636
50%
327654
50%
328656
50%
338676
50%
339678
50%
340680
50%
359718
50%
362724
50%
379758
50%
407814
50%
409818
50%
418836
50%
435870
50%
449898
50%
462924
50%
470940
50%
497994
50%
5551110
33%
6741348
33%
7141428
33%
7481496
33%
7641528
33%
8111622
33%
9271854
33%
9491898
33%
2040
33%
220440
33%
259518
33%
320640
33%
355710
33%
395790
33%
410820
33%
442884
33%
106212
25%
394788
25%
398796
25%
50100
0%
5001000
0%
5011002
0%
5051010
0%
5061012
0%
5071014
0%
5081016
0%
5091018
0%
51102
0%
5101020
0%
5121024
0%
5131026
0%
5141028
0%
5161032
0%
5171034
0%
5181036
0%
5191038
0%
52104
0%
5201040
0%
5211042
0%
5221044
0%
5231046
0%
5241048
0%
5251050
0%
5261052
0%
5271054
0%
5281056
0%
5301060
0%
5311062
0%
5351070
0%
5361072
0%
5371074
0%
5381076
0%
5391078
0%
54108
0%
5401080
0%
5421084
0%
5431086
0%
5441088
0%
5451090
0%
5461092
0%
5471094
0%
5481096
0%
5491098
0%
55110
0%
5521104
0%
5531106
0%
5541108
0%
5561112
0%
5571114
0%
5581116
0%
5591118
0%
56112
0%
5601120
0%
5611122
0%
5621124
0%
5631126
0%
5641128
0%
5651130
0%
5671134
0%
5681136
0%
5691138
0%
57114
0%
5701140
0%
5711142
0%
5721144
0%
5731146
0%
5741148
0%
5761152
0%
5771154
0%
5781156
0%
5791158
0%
5811162
0%
5821164
0%
5831166
0%
5841168
0%
5851170
0%
5861172
0%
5871174
0%
5891178
0%
59118
0%
5901180
0%
5911182
0%
5931186
0%
5941188
0%
5951190
0%
5961192
0%
5971194
0%
5981196
0%
6021204
0%
6031206
0%
6051210
0%
6071214
0%
61122
0%
6101220
0%
6111222
0%
6131226
0%
6141228
0%
6151230
0%
6161232
0%
6171234
0%
6181236
0%
6211242
0%
6231246
0%
6241248
0%
6251250
0%
6261252
0%
6271254
0%
6291258
0%
63126
0%
6311262
0%
6331266
0%
6341268
0%
6351270
0%
6361272
0%
6371274
0%
6381276
0%
6391278
0%
6401280
0%
6421284
0%
6441288
0%
6461292
0%
6471294
0%
6481296
0%
65130
0%
6521304
0%
6541308
0%
6551310
0%
6571314
0%
6581316
0%
6591318
0%
6601320
0%
6621324
0%
6631326
0%
6641328
0%
6651330
0%
6661332
0%
6671334
0%
6681336
0%
6691338
0%
6701340
0%
6711342
0%
6721344
0%
6731346
0%
6751350
0%
6771354
0%
6781356
0%
6791358
0%
68136
0%
6811362
0%
6821364
0%
6871374
0%
6881376
0%
6891378
0%
69138
0%
6901380
0%
6911382
0%
6921384
0%
6941388
0%
6961392
0%
6971394
0%
6981396
0%
6991398
0%
714
0%
70140
0%
7011402
0%
7021404
0%
7031406
0%
7051410
0%
7061412
0%
7081416
0%
71142
0%
7111422
0%
7121424
0%
7151430
0%
7161432
0%
7171434
0%
72144
0%
7201440
0%
7231446
0%
7241448
0%
7251450
0%
7261452
0%
7271454
0%
7291458
0%
73146
0%
7301460
0%
7311462
0%
7331466
0%
7341468
0%
7351470
0%
7361472
0%
7371474
0%
7381476
0%
7391478
0%
7401480
0%
7411482
0%
7441488
0%
7461492
0%
7471494
0%
7491498
0%
75150
0%
7511502
0%
7521504
0%
7531506
0%
7541508
0%
7561512
0%
7571514
0%
7581516
0%
7591518
0%
76152
0%
7601520
0%
7611522
0%
7621524
0%
7631526
0%
7661532
0%
7671534
0%
7681536
0%
7691538
0%
77154
0%
7701540
0%
7711542
0%
7721544
0%
7731546
0%
7741548
0%
7751550
0%
7761552
0%
7771554
0%
7781556
0%
7791558
0%
78156
0%
7801560
0%
7811562
0%
7821564
0%
7841568
0%
7851570
0%
7861572
0%
7871574
0%
7881576
0%
7891578
0%
79158
0%
7911582
0%
7921584
0%
7931586
0%
7941588
0%
7951590
0%
7961592
0%
7971594
0%
7981596
0%
7991598
0%
816
0%
80160
0%
8001600
0%
8021604
0%
8031606
0%
8041608
0%
8051610
0%
8061612
0%
8071614
0%
8081616
0%
8091618
0%
8101620
0%
8121624
0%
8131626
0%
8141628
0%
8151630
0%
8161632
0%
8171634
0%
8181636
0%
8191638
0%
8201640
0%
8231646
0%
8261652
0%
8271654
0%
8291658
0%
83166
0%
8311662
0%
8321664
0%
8331666
0%
8341668
0%
8351670
0%
8361672
0%
8371674
0%
8381676
0%
8391678
0%
84168
0%
8401680
0%
8421684
0%
8431686
0%
8441688
0%
8451690
0%
8461692
0%
8471694
0%
8481696
0%
8491698
0%
8501700
0%
8511702
0%
8521704
0%
8531706
0%
8551710
0%
8561712
0%
8571714
0%
8581716
0%
8591718
0%
86172
0%
8601720
0%
8611722
0%
8621724
0%
8631726
0%
8641728
0%
8651730
0%
8661732
0%
8671734
0%
8691738
0%
87174
0%
8701740
0%
8721744
0%
8731746
0%
8741748
0%
8751750
0%
8761752
0%
8771754
0%
8781756
0%
8791758
0%
88176
0%
8801760
0%
8811762
0%
8821764
0%
8831766
0%
8841768
0%
8851770
0%
8861772
0%
8871774
0%
8881776
0%
8891778
0%
8911782
0%
8941788
0%
8951790
0%
8961792
0%
8971794
0%
8981796
0%
918
0%
9001800
0%
9041808
0%
9051810
0%
9061812
0%
9091818
0%
9101820
0%
9111822
0%
9131826
0%
9141828
0%
9151830
0%
9161832
0%
9171834
0%
9181836
0%
9191838
0%
92184
0%
9221844
0%
9231846
0%
9251850
0%
9281856
0%
9291858
0%
93186
0%
9301860
0%
9311862
0%
9331866
0%
9341868
0%
9351870
0%
9361872
0%
9371874
0%
9381876
0%
9391878
0%
94188
0%
9421884
0%
9431886
0%
9441888
0%
9451890
0%
9461892
0%
9471894
0%
9481896
0%
95190
0%
9511902
0%
9521904
0%
9531906
0%
9541908
0%
9551910
0%
9561912
0%
9571914
0%
9581916
0%
9591918
0%
9601920
0%
9611922
0%
9621924
0%
9661932
0%
9671934
0%
9681936
0%
9691938
0%
97194
0%
9701940
0%
9711942
0%
9721944
0%
9731946
0%
9741948
0%
9751950
0%
9781956
0%
98196
0%
9801960
0%
9811962
0%
9821964
0%
9831966
0%
9851970
0%
9871974
0%
9881976
0%
9891978
0%
99198
0%
9911982
0%
9921984
0%
9931986
0%
9941988
0%
100200
0%
101202
0%
102204
0%
104208
0%
105210
0%
107214
0%
108216
0%
110220
0%
112224
0%
113226
0%
114228
0%
117234
0%
118236
0%
119238
0%
121242
0%
122244
0%
123246
0%
125250
0%
126252
0%
127254
0%
129258
0%
1326
0%
130260
0%
133266
0%
135270
0%
137274
0%
1428
0%
140280
0%
141282
0%
142284
0%
144288
0%
145290
0%
146292
0%
149298
0%
150300
0%
152304
0%
153306
0%
155310
0%
156312
0%
157314
0%
158316
0%
1632
0%
160320
0%
162324
0%
163326
0%
164328
0%
165330
0%
166332
0%
167334
0%
168336
0%
169338
0%
1734
0%
170340
0%
172344
0%
173346
0%
175350
0%
176352
0%
178356
0%
179358
0%
1836
0%
180360
0%
181362
0%
182364
0%
183366
0%
184368
0%
186372
0%
188376
0%
189378
0%
190380
0%
191382
0%
192384
0%
193386
0%
194388
0%
195390
0%
196392
0%
197394
0%
198396
0%
199398
0%
200400
0%
201402
0%
203406
0%
205410
0%
207414
0%
208416
0%
209418
0%
2142
0%
210420
0%
213426
0%
214428
0%
216432
0%
218436
0%
2244
0%
221442
0%
222444
0%
223446
0%
224448
0%
225450
0%
228456
0%
230460
0%
235470
0%
236472
0%
237474
0%
238476
0%
239478
0%
2448
0%
241482
0%
242484
0%
243486
0%
244488
0%
245490
0%
246492
0%
247494
0%
248496
0%
2550
0%
250500
0%
251502
0%
254508
0%
260520
0%
261522
0%
264528
0%
266532
0%
268536
0%
269538
0%
2754
0%
271542
0%
272544
0%
273546
0%
275550
0%
277554
0%
278556
0%
279558
0%
2856
0%
280560
0%
282564
0%
283566
0%
284568
0%
285570
0%
286572
0%
287574
0%
288576
0%
289578
0%
2958
0%
291582
0%
293586
0%
294588
0%
295590
0%
296592
0%
297594
0%
298596
0%
299598
0%
3060
0%
300600
0%
301602
0%
302604
0%
303606
0%
304608
0%
305610
0%
306612
0%
307614
0%
308616
0%
309618
0%
310620
0%
311622
0%
313626
0%
314628
0%
315630
0%
316632
0%
317634
0%
319638
0%
321642
0%
323646
0%
324648
0%
326652
0%
329658
0%
330660
0%
332664
0%
334668
0%
335670
0%
336672
0%
337674
0%
3468
0%
342684
0%
343686
0%
344688
0%
346692
0%
347694
0%
348696
0%
349698
0%
351702
0%
353706
0%
354708
0%
356712
0%
357714
0%
358716
0%
3672
0%
360720
0%
361722
0%
363726
0%
364728
0%
366732
0%
367734
0%
368736
0%
3774
0%
371742
0%
372744
0%
373746
0%
374748
0%
375750
0%
376752
0%
378756
0%
380760
0%
381762
0%
382764
0%
383766
0%
384768
0%
385770
0%
386772
0%
388776
0%
389778
0%
3978
0%
391782
0%
392784
0%
393786
0%
396792
0%
397794
0%
399798
0%
4080
0%
400800
0%
401802
0%
402804
0%
404808
0%
406812
0%
408816
0%
4182
0%
411822
0%
412824
0%
413826
0%
414828
0%
415830
0%
416832
0%
419838
0%
4284
0%
423846
0%
424848
0%
425850
0%
426852
0%
427854
0%
428856
0%
429858
0%
4386
0%
430860
0%
431862
0%
433866
0%
436872
0%
437874
0%
438876
0%
439878
0%
4488
0%
440880
0%
441882
0%
443886
0%
445890
0%
446892
0%
447894
0%
448896
0%
4590
0%
452904
0%
453906
0%
454908
0%
457914
0%
458916
0%
459918
0%
4692
0%
461922
0%
463926
0%
464928
0%
465930
0%
467934
0%
468936
0%
4794
0%
472944
0%
473946
0%
474948
0%
475950
0%
476952
0%
477954
0%
478956
0%
479958
0%
4896
0%
480960
0%
482964
0%
483966
0%
484968
0%
485970
0%
486972
0%
487974
0%
488976
0%
489978
0%
4998
0%
490980
0%
491982
0%
492984
0%
493986
0%
495990
0%
496992
0%
498996
0%

Score Distribution

Percentile by Number Answered

Percent of People with Each Score

Your Score History

You have not taken this quiz